000 00365pam a2200145 a 4500
020 _c
041 _h
100 _aKye-Sung Raymond
_eAuthor
245 _aWELCOME TO HOSPITALITY AN INTRODUCTION
_cKye-Sung Raymond
_hTextual Documents
260 _bDelmar Thomson Learning
300 _a459
653 _afood Producation
700 _eCo-Author
930 _a5594
999 _c232991
_d232991